| 000 | 00000nam##2200000za#4500 |
| 001 | 9.601247 |
| 003 | CaOODSP |
| 005 | 20220623094111 |
| 007 | cr ||||||||||| |
| 008 | 150406|1995||||xxc|||||o f|0| 0 fre|d |
| 040 | |aCaOODSP|bfre |
| 043 | |an-cn--- |
| 086 | 1 |aC21-23/8F-PDF |
| 110 | 1 |aCanada. |bIndustrie Canada. |
| 245 | 10|aMécanismes et pratiques d'évaluation des répercussions sociales et culturelles des sciences et de la technologie : |h[ressource électronique]|bdocument hors-série n° 8, juillet 1995 / |cpar Liora Salter. |
| 260 | |aOttawa - Ontario : |bIndustrie Canada |cJuillet 1995. |
| 300 | |a129p.|bfigure, références, tableaux |
| 490 | 1 |aDocument hors série|vN° 8 |
| 590 | |a11-09-Supp|b2011-06-30 |
| 720 | 1 |aSalter, Liora |
| 775 | 08|tMechanisms and practices for the assessment of the social and cultural implications of science and technology : |w(CaOODSP)9.570600 |
| 776 | 0#|tMécanismes et pratiques d'évaluation des répercussions sociales et culturelles des sciences et de la technologie / |w(CaOODSP)9.526371 |
| 776 | 0#|tMechanisms and practices for the assessment of the social and cultural implications of science and technology / |w(CaOODSP)9.526370 |
| 830 | #0|aDocument hors série (Canada. Industrie Canada)|vN° 8|w(CaOODSP)9.501162 |
| 856 | 40|ahttp://publications.gc.ca|qPDF|s452 Ko|uhttps://publications.gc.ca/collections/Collection/C21-23-8F.pdf|yN° 8 |